000 00534nam a22001697a 4500
003 0
005 20160609165230.0
008 091125t xxu||||| |||| 00| 0 eng d
037 _bDon
040 _aBUAC
_bFr.
_cBEPAC
100 _aADEOSSI, Giraude Filde F.
_92375
245 _aContribution à l'étude des oiseaux du lac Toho dans le Département du Mono
_cADEOSSI, Giraude Filde F.
260 _aAbomey-Calavi
_bEcole Polytechnique d'Abomey-Calavi
_c2008
300 _a56p.
650 _aGENIE ENVIRONNEMENT
_92376
942 _cTHE
999 _c46592
_d46592